20 Largest Islands of the United Kingdom - Statistics

General Stats
  • This quiz has been taken 47 times
  • The average score is 10 of 20
Answer Stats
Area (square km) Island % Correct
81,638 (partially owned) Ireland
90%
209,331 Great Britain
86%
572 Man
86%
1,656 Skye
81%
2,179 Lewis and Harris
74%
523 Orkney Mainland
74%
969 Shetland Mainland
74%
381 Wight
69%
714 Anglesey
55%
9,251 (partially owned) Cyprus
48%
875 Mull
38%
432 Arran
36%
3,528 South Georgia
36%
6,605 East Falkland
31%
4,532 km2 West Falkland
31%
620 Islay
29%
303 North Uist
26%
320 South Uist
24%
367 Jura
19%
265 Weddell
5%
No matching quizzes found
Score Distribution
Percent of People with Each Score
Percentile by Number Answered
Your Score History
You have not taken this quiz